Statistics for Famous People With Same Last Name #2

Click here to take the quiz!

General Stats

  • This quiz has been taken 153 times
  • The average score is 12 of 20

Answer Stats

HintAnswer% Correct
Eleanor & TheodoreRoosevelt
97%
Dwayne & AndrewJohnson
89%
Neil & LanceArmstrong
86%
Woodrow & NancyWilson
86%
Kobe & AidyBryant
85%
Ringo & EdwinStarr
85%
Sam & WhitneyHouston
82%
Ted & PenelopeCruz
68%
Robert (E.) & ChristopherLee
67%
Jackie & SmokeyRobinson
64%
Roger & JulianneMoore
60%
John & JulianLennon
56%
Michael & DianeKeaton
50%
Lita & HenryFord
47%
Kate & JenniferHudson
43%
George & GeorgeBush
42%
Paul & JesseMcCartney
40%
Drake & KristenBell
39%
Keith & PaulUrban
22%
Blake & GeorgeMichael
16%

Score Distribution

Percentile by Number Answered

Percent of People with Each Score

Your Score History

You have not taken this quiz